Výskum trhu - podmienka efektívneho rozvoja podnikov cestovného ruchu v regióne

Analýza trhu a jej obsahové zameranie. Analýza vlastného podnikateľského zámeru. Podnikanie v systéme služieb a cestovného ruchu. Realizácia súboru profesionálne náročných operácií pri zakladaní nových firiem. Aplikácia situačnej analýzy v súvislosti s už existujúcimi firmami. Spracované prognózy, v...

ver descrição completa

Na minha lista:
Detalhes bibliográficos
Autor principal: Sniščák, Vincent
Formato: Capítulo de Livro
Idioma:eslovaco
Assuntos:
Tags: Adicionar Tag
Sem tags, seja o primeiro a adicionar uma tag!

MARC

LEADER 00000naa$a2200000$$$4500
001 0033619
005 20221207121615.9
041 0 |a slo 
044 |a SK 
245 1 0 |a Výskum trhu - podmienka efektívneho rozvoja podnikov cestovného ruchu v regióne  |c Vincent Sniščák 
520 |a Analýza trhu a jej obsahové zameranie. Analýza vlastného podnikateľského zámeru. Podnikanie v systéme služieb a cestovného ruchu. Realizácia súboru profesionálne náročných operácií pri zakladaní nových firiem. Aplikácia situačnej analýzy v súvislosti s už existujúcimi firmami. Spracované prognózy, výhľadové plány, projekty rozvoja zariadení cestovného ruchu v regiónoch a významných lokalitách. 
610 2 0 |a analýza trhu 
610 2 0 |a ruch cestovný 
610 2 0 |a zámery podnikateľské 
610 2 0 |a služby 
610 2 0 |a podnikanie 
100 1 |a Sniščák, Vincent